Statistiques concernant Communes Limitrophes de Lyon

Cliquez ici pour prendre le quiz!

Statistiques générales

  • Ce quiz a été pris 177 fois
  • Le résultat moyen est 7 sur 16

Statistiques - réponses

PositionCommune% Correct
EstVilleurbanne
93%
Sud-EstVénissieux
83%
EstBron
68%
Nord-EstCaluire-et-Cuire
67%
Sud-OuestOullins
65%
OuestEcully
50%
OuestTassin-la-demi-lune
48%
SudSaint-Fons
42%
Sud-OuestLa Mulatière
39%
Sud-OuestSainte-Foy-lès-lyon
31%
SudPierre-Bénite
24%
NordSaint-Cyr-au-mont-d'or
22%
Sud-OuestFrancheville
22%
Nord-OuestSaint-Didier-au-mont-d'or
17%
Nord-OuestChampagne-au-mont-d'or
17%
NordCollonges-au-mont-d'or
6%

Distribution des résultats

Percentile par nombre de réponses

% des personnes avec chaque résultat

Votre développement - résultats

Vous n’avez pas pris ce quiz